书目信息 |
| 题名: |
蓬皮杜中心原来可以这样看
|
|
| 作者: | 布里松 著 ;宁暄 译 | |
| 分册: | ||
| 出版信息: | 北京 中信出版社 2015 |
|
| 页数: | 175页 | |
| 开本: | 21cm | |
| 丛书名: | 艺术眼系列 | |
| 单 册: | ||
| 中图分类: | G78 , G269.565-49 | |
| 科图分类: | ||
| 主题词: | 家庭教育--jia ting jiao yu , 博物馆--bo wu guan--法国--少儿读物 | |
| 电子资源: | ||
| ISBN: | 978-7-5086-5158-3 | |
| 000 | 01738nam0 22003131 450 | |
| 001 | 1759790254 | |
| 005 | 20170605165319.15 | |
| 010 | @a978-7-5086-5158-3@dCNY36.00 | |
| 100 | @a20150917d2015 em y0chiy50 ea | |
| 101 | 1 | @achi@cfre |
| 102 | @aCN@b110000 | |
| 105 | @aa z 000yy | |
| 106 | @ar | |
| 200 | 1 | @a蓬皮杜中心原来可以这样看@Apeng pi du zhong xin yuan lai ke yi zhe yang kan@dComment parler du centre pompidou aux enfants@f(法) 多米尼克·布里松著@g宁暄译@zfre |
| 205 | @a2版@b修订本 | |
| 210 | @a北京@c中信出版社@d2015 | |
| 215 | @a175页@c图@d21cm | |
| 225 | 2 | @a艺术眼系列@Ayi shu yan xi lie |
| 330 | @a本书是少儿读物。也许你期待孩子对世界知名的艺术博物馆有深入了解的渴望,并有一些初步的个人感受,但苦于不知如何引导孩子“看”艺术。“艺术眼”系列书带你和孩子近距离感受艺术的魅力! 蓬皮杜中心为什么如此受欢迎?蓬皮杜中心拥有着全球最多现代艺术品的博物馆之一。蓬皮杜中心专门设置了 “儿童图书馆”和“儿童工作室”,4岁到12岁的孩子都可以到这里来学习绘画、舞蹈、演戏、做手工等。本书用层层深入的方式来介绍蓬皮杜中心最重要的场所和代表作品。 本书第一部分介绍了蓬皮杜中心创建的历史。第二部分介绍了从蓬皮杜中心65000件收藏品中甄选的30件代表作,完全以孩子的视角、孩子的问题、孩子的语言对经典艺术作品发问,以问答的形式引导孩子理解艺术作品。第三部分介绍了20世纪重要的艺术流派,并附有参观蓬皮杜中心的实用指南,以及参考书目。 | |
| 461 | 0 | @12001 @a艺术眼系列 |
| 510 | 1 | @aComment parler du centre pompidou aux enfants@zfre |
| 606 | 0 | @a家庭教育@Ajia ting jiao yu |
| 606 | 0 | @a博物馆@Abo wu guan@y法国@j少儿读物 |
| 690 | @aG78@v5 | |
| 690 | @aG269.565-49@v5 | |
| 701 | 1 | @c(法)@a布里松@Abu li song@b多米尼克@4著 |
| 702 | 0 | @a宁暄@Aning xuan@4译 |
| 801 | 0 | @aCN@bTANGWEI@c20170518 |
| 905 | @b1007702-5@dG78@e590=2@f4 | |
| 蓬皮杜中心原来可以这样看=Comment parler du centre pompidou aux enfants/(法) 多米尼克·布里松著/宁暄译.-2版,修订本.-北京:中信出版社,2015 |
| 175页:图;21cm.-(艺术眼系列) |
| ISBN 978-7-5086-5158-3:CNY36.00 |
| 本书是少儿读物。也许你期待孩子对世界知名的艺术博物馆有深入了解的渴望,并有一些初步的个人感受,但苦于不知如何引导孩子“看”艺术。“艺术眼”系列书带你和孩子近距离感受艺术的魅力! 蓬皮杜中心为什么如此受欢迎?蓬皮杜中心拥有着全球最多现代艺术品的博物馆之一。蓬皮杜中心专门设置了 “儿童图书馆”和“儿童工作室”,4岁到12岁的孩子都可以到这里来学习绘画、舞蹈、演戏、做手工等。本书用层层深入的方式来介绍蓬皮杜中心最重要的场所和代表作品。 本书第一部分介绍了蓬皮杜中心创建的历史。第二部分介绍了从蓬皮杜中心65000件收藏品中甄选的30件代表作,完全以孩子的视角、孩子的问题、孩子的语言对经典艺术作品发问,以问答的形式引导孩子理解艺术作品。第三部分介绍了20世纪重要的艺术流派,并附有参观蓬皮杜中心的实用指南,以及参考书目。 |
| ● |
| 相关链接 |
|
|
|
|
正题名:蓬皮杜中心原来可以这样看
索取号:G78/590=2
 
预约/预借
| 序号 | 登录号 | 条形码 | 馆藏地/架位号 | 状态 | 备注 |
| 1 | 1007702 | 210077021 | 第一样本阅览室/ [索取号:G78/590=2] | 在馆 | |
| 2 | 1007703 | 210077030 | 第四借阅区/ [索取号:G78/590=2] | 在馆 | |
| 3 | 1007704 | 210077049 | 教育系资料室/ [索取号:G78/590=2] | 在馆 | |
| 4 | 1007705 | 210077058 | 教育系资料室/ [索取号:G78/590=2] | 在馆 |